Guess the Lyrics #29 - Statistics

General Stats
  • This quiz has been taken 450 times
  • The average score is 98 of 255
Answer Stats
Lyrics % Correct
I
99%
a
96%
the
90%
The
90%
you
90%
You
90%
he
81%
to
78%
and
77%
And
77%
is
77%
when
77%
in
75%
it
74%
It
74%
your
74%
do
72%
on
72%
my
66%
can
64%
so
62%
All
59%
all
59%
for
57%
of
57%
Are
56%
how
49%
don't
46%
know
46%
was
45%
we're
45%
this
44%
have
43%
Have
43%
Like
43%
it's
42%
could
41%
But
40%
us
36%
now,
34%
now
34%
with
34%
did
33%
had
33%
heart
33%
never
33%
night
30%
been
29%
has
28%
out
28%
their
28%
got-a
26%
here
24%
off
23%
down
22%
only
21%
than
21%
They're
19%
Well
19%
Well,
19%
beaus
18%
gone
17%
nothing
17%
hand
15%
last
15%
call
14%
eye
14%
there's
14%
away
13%
left
13%
made
13%
back
12%
doing
11%
happened
11%
took
11%
late
9%
must
8%
place
8%
put
8%
broken
6%
Lovers'
6%
most
6%
use
6%
Looking
5%
open
5%
quick
5%
calls
4%
belles
3%
city
3%
door
3%
Lane
3%
standing
3%
taking
3%
alcohol
2%
Between
2%
empty
2%
finally
2%
key
2%
latest
2%
monster
2%
outside
2%
pass
2%
past
2%
Past
2%
played
2%
trick
2%
bargains
1%
bars
1%
bereaved
1%
bereft
1%
blues
1%
bottle's
1%
Bowery
1%
bum
1%
cash
1%
chain
1%
dinosaurs
1%
Echoes
1%
faster
1%
garbage
1%
hanging
1%
insolence
1%
intelligence
1%
keys
1%
laid
1%
landlord,
1%
lax
1%
mash
1%
paid
1%
Prehistoric
1%
recall
1%
roars
1%
robbery
1%
satin
1%
Security
1%
struck
1%
taxis
1%
themselves
1%
trucks
1%
twelve
1%
understands
1%
wax
1%
whores
1%
wonderland
1%
Your Latest Trick - Dire Straits
1%
flick
0%
horns
0%
jazzmen
0%
No matching quizzes found
Score Distribution
Percent of People with Each Score
Percentile by Number Answered
Your Score History
You have not taken this quiz